Carta de los principios en favor de los adultos mayores

Guardat en:
Dades bibliogràfiques
Format: Llibre
Idioma:espanyol
Publicat: Santiago Comité Nacional Presidencia de la República 1997
Matèries:
Etiquetes: Afegir etiqueta
Sense etiquetes, Sigues el primer a etiquetar aquest registre!

MARC

LEADER 00000nam a2200000 a 4500
001 UCL3174
003 CL-VaPUC
008 031114e19970000CL |||||||||||||||||spa|d
082 0 4 |a 346.013  |b CAR  |2 21 
245 1 0 |a Carta de los principios en favor de los adultos mayores 
300 |a pág. irreg 
942 |c BK 
945 |d 20031114 00:00:00  |a cmena 
260 |a Santiago  |b Comité Nacional Presidencia de la República  |c 1997 
650 0 |a Adulto mayor  |9 311317 
650 0 |a Ancianos   |9 307293 
650 0 |a Derechos humanos  |9 223025 
650 0 |a Integración social  |9 319662 
650 0 |a Bienestar social   |9 255298 
583 |a last modification  |c 20031114 00:00:00  |k Rodrigo Vera 
999 |c 306295  |d 306293 
952 |0 0  |1 0  |4 0  |6 346_013000000000000_CAR_1997  |7 0  |8 A  |9 371217  |a BIBEDU  |b BIBEDU  |d 2019-11-21  |i 3962911  |o 346.013 CAR 1997  |p 3962911  |r 2019-11-21  |w 2019-11-21  |y BK  |k EPE